00688cam a2200229 a 4500001001300000003000400013005001700017008004100034010001700075040001800092050001400110051002100124100002800145245004600173260004900219300003700268440003200305500004200337500004600379650001600425999001700441ca 25001305 DLC20260227111116.0840907s1924 ksu 000 0 eng  aca 25001305  aDLCcDLCdDLC00aQP38b.R2 aAC1b.L8 no. 7031 aRandolph, Vance,d1892-10aPhysiology self taught /cVance Randolph. aGirard, Kan. :bHaldeman-Julius Co.,cc1924. a6 [i.e. 64] p. :bill. ;c13 cm. 0aLittle blue book ;vno. 703 aPage number misprinted on final page. aPublisher's advertisements on p. 63-[64]. 0aPhysiology. c16074d16074